Kỹ thuật chăn nuôi gia cầm Nuôi gà

Uloženo v:
Podrobná bibliografie
Hlavní autor: TRẦN TRUNG VĨNH
Médium: Kniha
Jazyk:Undetermined
Vydáno: Đà Nẵng Đà Nẵng 2002
Témata:
Tagy: Přidat tag
Žádné tagy, Buďte první, kdo otaguje tento záznam!
Thư viện lưu trữ: Trung tâm Học liệu Trường Đại học Cần Thơ
LEADER 00532nam a2200181Ia 4500
001 CTU_50064
008 210402s9999 xx 000 0 und d
082 |a 636.5 
082 |b V312 
100 |a TRẦN TRUNG VĨNH 
245 0 |a Kỹ thuật chăn nuôi gia cầm 
245 0 |b Nuôi gà 
245 0 |c TRẦN TRUNG VĨNH, Nguyễn Mộng Giao 
260 |a Đà Nẵng 
260 |b Đà Nẵng 
260 |c 2002 
650 |a poultry - breeding 
980 |a Trung tâm Học liệu Trường Đại học Cần Thơ